| 000 | 00747nam a2200241 4500 | ||
|---|---|---|---|
| 001 | 72140 | ||
| 003 | BD-RjUL | ||
| 005 | 20211209082221.0 | ||
| 008 | 170514r19601959enka 001 0 eng d | ||
| 035 | _a(BD-RjUL)72356 | ||
| 040 |
_aWSC _cWSC _dAGL _dBD-RjUL _beng |
||
| 041 | _aeng | ||
| 082 |
_a547 _223 _bFIO 1960 |
||
| 100 | 1 |
_aFinar, I. L. _q(Ivor Lionel) _9118602 |
|
| 245 | 1 | 0 |
_aOrganic chemistry / _c I. L. Finar. |
| 250 | _a2d ed. | ||
| 260 |
_aLondon ; _aNew York : _bLongmans, Green, _c1959, [Impression1960] |
||
| 300 |
_a2 v. : _bill. ; _c26 cm. |
||
| 504 | _aIncludes bibliography And Indexes. | ||
| 505 | _aVol. 2--Stereo chemistry and the chemistry of natural products. | ||
| 650 | 0 |
_aChemistry, Organic. _9213366 |
|
| 942 |
_2ddc _cBK |
||
| 999 |
_c72140 _d72140 |
||